U.S. State Nicknames - Map Quiz - Statistics

General Stats
  • This quiz has been taken 74 times
  • The average score is 26 of 50
Answers on the Map
Answers color-coded by a green-red scale on the quiz's map according to % correct below.
 
Answer Stats
Answer % Correct
The Aloha State
78%
The Empire State
78%
The Lone Star State
78%
The Grand Canyon State
75%
The Peach State
70%
The Golden State
65%
The Sunshine State
65%
The Last Frontier
63%
The Mount Rushmore State
63%
The Bluegrass State
58%
The Buckeye State
58%
The Hoosier State
58%
The First State
55%
The Garden State
55%
The Sooner State
55%
The Volunteer State
55%
The Badger State
53%
The Beaver State
53%
The Cornhusker State
53%
The Land of 10,000 Lakes
53%
The Pelican State
53%
The Pine Tree State
53%
The Prairie State
53%
The Show-Me State
53%
The Hawkeye State
50%
The Sunflower State
50%
The Tar Heel State
50%
The Beehive State
48%
The Constitution State
48%
The Equality State
48%
The Land of Enchantement
48%
The Old Line State
48%
The Palmetto State
48%
The Peace Garden State
48%
The Silver State
48%
The Gem State
45%
The Keystone State
45%
The Magnolia State
45%
The Natural State
45%
The Ocean State
45%
The Treasure State
45%
The Wolverine State
45%
The Bay State
43%
The Centennial State
43%
The Evergreen State
43%
The Green Mountain State
43%
The Old Dominion State
43%
The Mountain State
40%
The Granite State
38%
The Yellowhammer State
38%
No matching quizzes found
Score Distribution
Percent of People with Each Score
Percentile by Number Answered
Your Score History
You have not taken this quiz